<?xml version="1.0" encoding="UTF-8"?>
<collection xmlns="http://www.loc.gov/MARC21/slim">
 <record>
  <leader>02216aam a22003018a 4500</leader>
  <controlfield tag="001">NCT_23993</controlfield>
  <controlfield tag="008">160713s2016                  ||||||viesd</controlfield>
  <datafield tag="999" ind1=" " ind2=" ">
   <subfield code="c">1139</subfield>
   <subfield code="d">1139</subfield>
  </datafield>
  <datafield tag="020" ind1=" " ind2=" ">
   <subfield code="c">5000</subfield>
  </datafield>
  <datafield tag="082" ind1="0" ind2="4">
   <subfield code="2">23rd ed.</subfield>
   <subfield code="a">306.09597</subfield>
   <subfield code="b">V561</subfield>
  </datafield>
  <datafield tag="100" ind1="1" ind2=" ">
   <subfield code="a">Trần Quốc Vượng</subfield>
  </datafield>
  <datafield tag="245" ind1="1" ind2="0">
   <subfield code="a">Cơ sở văn hóa Việt Nam</subfield>
   <subfield code="c">Trần Quốc Vượng (chủ biên)</subfield>
  </datafield>
  <datafield tag="250" ind1=" " ind2=" ">
   <subfield code="a">Tái bản lần thứ mười sáu</subfield>
  </datafield>
  <datafield tag="260" ind1=" " ind2=" ">
   <subfield code="a">H.</subfield>
   <subfield code="b">Giáo dục Việt Nam</subfield>
   <subfield code="c">2014</subfield>
  </datafield>
  <datafield tag="300" ind1=" " ind2=" ">
   <subfield code="a">303 tr.</subfield>
   <subfield code="c">24 cm</subfield>
  </datafield>
  <datafield tag="520" ind1="3" ind2=" ">
   <subfield code="a">Nội dung sách đề cập đến khái niệm cơ bản về văn hoá và văn hoá học, cấu trúc, các thiết chế và chức năng của văn hoá, diễn trình lịch sử của văn hoá Việt Nam, không gian văn hoá Việt Nam</subfield>
  </datafield>
  <datafield tag="653" ind1=" " ind2=" ">
   <subfield code="a">Quản trị DV Du lịch và Lữ hành</subfield>
  </datafield>
  <datafield tag="700" ind1="1" ind2=" ">
   <subfield code="a">Tô Ngọc Thanh</subfield>
  </datafield>
  <datafield tag="700" ind1="1" ind2=" ">
   <subfield code="a">Nguyễn Trí bền</subfield>
  </datafield>
  <datafield tag="942" ind1=" " ind2=" ">
   <subfield code="2">ddc</subfield>
   <subfield code="c">BK</subfield>
  </datafield>
  <datafield tag="952" ind1=" " ind2=" ">
   <subfield code="0">0</subfield>
   <subfield code="1">0</subfield>
   <subfield code="2">ddc</subfield>
   <subfield code="4">0</subfield>
   <subfield code="6">306_095970000000000_V561</subfield>
   <subfield code="7">0</subfield>
   <subfield code="9">6453</subfield>
   <subfield code="a">000001</subfield>
   <subfield code="b">000001</subfield>
   <subfield code="d">2018-01-26</subfield>
   <subfield code="l">1</subfield>
   <subfield code="o">306.09597 V561</subfield>
   <subfield code="p">MD.07006</subfield>
   <subfield code="r">2022-02-18</subfield>
   <subfield code="s">2019-03-07</subfield>
   <subfield code="v">50000.00</subfield>
   <subfield code="w">2018-01-26</subfield>
   <subfield code="y">BK</subfield>
  </datafield>
  <datafield tag="952" ind1=" " ind2=" ">
   <subfield code="0">0</subfield>
   <subfield code="1">0</subfield>
   <subfield code="2">ddc</subfield>
   <subfield code="4">0</subfield>
   <subfield code="6">306_095970000000000_V561</subfield>
   <subfield code="7">0</subfield>
   <subfield code="9">6454</subfield>
   <subfield code="a">000001</subfield>
   <subfield code="b">000001</subfield>
   <subfield code="d">2018-01-26</subfield>
   <subfield code="o">306.09597 V561</subfield>
   <subfield code="p">MD.07007</subfield>
   <subfield code="r">2018-01-26</subfield>
   <subfield code="v">50000.00</subfield>
   <subfield code="w">2018-01-26</subfield>
   <subfield code="y">BK</subfield>
  </datafield>
  <datafield tag="952" ind1=" " ind2=" ">
   <subfield code="0">0</subfield>
   <subfield code="1">0</subfield>
   <subfield code="2">ddc</subfield>
   <subfield code="4">0</subfield>
   <subfield code="6">306_095970000000000_V561</subfield>
   <subfield code="7">0</subfield>
   <subfield code="9">6455</subfield>
   <subfield code="a">000001</subfield>
   <subfield code="b">000001</subfield>
   <subfield code="d">2018-01-26</subfield>
   <subfield code="l">3</subfield>
   <subfield code="m">2</subfield>
   <subfield code="o">306.09597 V561</subfield>
   <subfield code="p">MD.07008</subfield>
   <subfield code="r">2021-01-26</subfield>
   <subfield code="s">2021-01-14</subfield>
   <subfield code="v">50000.00</subfield>
   <subfield code="w">2018-01-26</subfield>
   <subfield code="y">BK</subfield>
  </datafield>
  <datafield tag="952" ind1=" " ind2=" ">
   <subfield code="0">0</subfield>
   <subfield code="1">0</subfield>
   <subfield code="2">ddc</subfield>
   <subfield code="4">0</subfield>
   <subfield code="6">306_095970000000000_V561</subfield>
   <subfield code="7">0</subfield>
   <subfield code="9">6456</subfield>
   <subfield code="a">000001</subfield>
   <subfield code="b">000001</subfield>
   <subfield code="d">2018-01-26</subfield>
   <subfield code="l">1</subfield>
   <subfield code="o">306.09597 V561</subfield>
   <subfield code="p">MD.07009</subfield>
   <subfield code="r">2020-11-02</subfield>
   <subfield code="s">2020-10-27</subfield>
   <subfield code="v">50000.00</subfield>
   <subfield code="w">2018-01-26</subfield>
   <subfield code="y">BK</subfield>
  </datafield>
  <datafield tag="952" ind1=" " ind2=" ">
   <subfield code="0">0</subfield>
   <subfield code="1">0</subfield>
   <subfield code="2">ddc</subfield>
   <subfield code="4">0</subfield>
   <subfield code="6">306_095970000000000_V561</subfield>
   <subfield code="7">0</subfield>
   <subfield code="9">6457</subfield>
   <subfield code="a">000001</subfield>
   <subfield code="b">000001</subfield>
   <subfield code="d">2018-01-26</subfield>
   <subfield code="l">5</subfield>
   <subfield code="o">306.09597 V561</subfield>
   <subfield code="p">MD.06769</subfield>
   <subfield code="r">2021-01-21</subfield>
   <subfield code="s">2021-01-12</subfield>
   <subfield code="v">50000.00</subfield>
   <subfield code="w">2018-01-26</subfield>
   <subfield code="y">BK</subfield>
  </datafield>
  <datafield tag="952" ind1=" " ind2=" ">
   <subfield code="0">0</subfield>
   <subfield code="1">0</subfield>
   <subfield code="2">ddc</subfield>
   <subfield code="4">0</subfield>
   <subfield code="6">306_095970000000000_V561</subfield>
   <subfield code="7">0</subfield>
   <subfield code="9">6458</subfield>
   <subfield code="a">000001</subfield>
   <subfield code="b">000001</subfield>
   <subfield code="d">2018-01-26</subfield>
   <subfield code="l">3</subfield>
   <subfield code="m">1</subfield>
   <subfield code="o">306.09597 V561</subfield>
   <subfield code="p">MD.06770</subfield>
   <subfield code="r">2021-01-21</subfield>
   <subfield code="s">2021-01-12</subfield>
   <subfield code="v">50000.00</subfield>
   <subfield code="w">2018-01-26</subfield>
   <subfield code="y">BK</subfield>
  </datafield>
  <datafield tag="952" ind1=" " ind2=" ">
   <subfield code="0">0</subfield>
   <subfield code="1">0</subfield>
   <subfield code="2">ddc</subfield>
   <subfield code="4">0</subfield>
   <subfield code="6">306_095970000000000_V561</subfield>
   <subfield code="7">0</subfield>
   <subfield code="9">16033</subfield>
   <subfield code="a">000001</subfield>
   <subfield code="b">000001</subfield>
   <subfield code="d">2019-03-07</subfield>
   <subfield code="l">1</subfield>
   <subfield code="o">306.09597 V561</subfield>
   <subfield code="p">MD.06768</subfield>
   <subfield code="r">2022-02-18</subfield>
   <subfield code="s">2019-03-07</subfield>
   <subfield code="v">50000.00</subfield>
   <subfield code="w">2019-03-07</subfield>
   <subfield code="y">BK</subfield>
  </datafield>
  <datafield tag="980" ind1=" " ind2=" ">
   <subfield code="a">Thư viện Trường Đại học Nam Cần Thơ</subfield>
  </datafield>
 </record>
</collection>
